[Event "Lugano op 15th"]
[Site "Lugano"]
[Date "2012.11.04"]
[Round "7"]
[White "Tillmann, Marc"]
[Black "De Kalbermatten, Adrien"]
[Result "1-0"]
[WhiteElo "1993"]
[BlackElo "1799"]
[PlyCount "95"]
[EventDate "2012.11.01"]
[EventType "swiss"]
[EventRounds "7"]
[EventCountry "SUI"]
[SourceTitle "EXT 2013"]
[Source "ChessBase"]
[SourceDate "2012.11.22"]
[SourceVersion "1"]
[SourceVersionDate "2012.11.22"]
[SourceQuality "1"]

1. d4 f5 2. c4 Nf6 3. Nc3 g6 4. Nf3 Bg7 5. g3 0-0 6. Bg2 d6 7. 0-0 Qe8 8. d5 Na6 9. Rb1 Bd7 10. Nd4 c6 11. b4 Nxb4 12. Rxb4 c5 13. Rxb7 cxd4 14. Nb5 Qc8 15. Rxa7 Qxc4 16. Rxa8 Rxa8 17. Nxd4 Rxa2 18. Be3 Ng4 19. Qc1 Nxe3 20. fxe3 Qxc1 21. Rxc1 Bxd4 22. exd4 Bb5 23. e4 fxe4 24. Bxe4 Rd2 25. Rc8+ Kg7 26. Rb8 Bc4 27. Rb4 Rxd4 28. Bf3 e5 29. dxe6 Kf6 30. Rb7 Bxe6 31. Rxh7 Rd2 32. h4 Rb2 33. g4 Bg8 34. g5+ Kf5 35. Rg7 Be6 36. Bg2 Kf4 37. Rxg6 Kg3 38. Rxe6 Rxg2+ 39. Kf1 Rf2+ 40. Ke1 Rf5 41. Rh6 Kg4 42. g6 Rf8 43. h5 Kg5 44. g7 Rg8 45. Rh7 Kf6 46. h6 Kg6 47. Rh8 Kf7 48. Kd2 1-0

[Event "Monthey op 1st"]
[Site "Monthey"]
[Date "2011.??.??"]
[Round "?"]
[White "Perruchoud, Pierre"]
[Black "De Kalbermatten, Adrien"]
[Result "1-0"]
[WhiteElo "2046"]
[BlackElo "1865"]
[PlyCount "78"]
[EventDate "2011.10.??"]
[EventType "swiss"]
[EventRounds "7"]
[EventCountry "SUI"]
[SourceTitle "EXT 2017"]
[Source "ChessBase"]
[SourceDate "2016.10.25"]
[SourceVersion "1"]
[SourceVersionDate "2016.10.25"]
[SourceQuality "1"]

1. d4 f5 2. Nf3 Nf6 3. g3 g6 4. Bg2 Bg7 5. 0-0 0-0 6. b3 d6 7. Bb2 c6 8. c4 Qe8 9. Qd3 e5 10. dxe5 Ng4 11. Qxd6 Rf7 12. Qd2 Nxe5 13. Nxe5 Bxe5 14. Bxe5 Qxe5 15. Nc3 Na6 16. Rad1 Rd7 17. Qc1 Rxd1 18. Rxd1 Be6 19. Qd2 Re8 20. e3 Re7 21. Qd4 Qxd4 22. exd4 Bd7 23. Bf3 b6 24. d5 c5 25. a3 Kf7 26. h4 Kf6 27. Kf1 h6 28. Bg2 Rg7 29. Re1 Nc7 30. f4 Ne8 31. a4 Nd6 32. Nb5 Nc8 33. Kf2 g5 34. hxg5+ hxg5 35. fxg5+ Rxg5 36. Nc7 Nd6 37. Ne6 Rg4 38. Nf4 Rg7 39. Nd3 Rg8 1-0

[Event "Bern op"]
[Site "Bern"]
[Date "2004.02.14"]
[Round "5"]
[White "Tillmann, Marc"]
[Black "De Kalbermatten, Adrien"]
[Result "1/2-1/2"]
[WhiteElo "2059"]
[BlackElo "1842"]
[PlyCount "62"]
[EventDate "2004.02.??"]
[EventType "swiss"]
[EventRounds "7"]
[EventCountry "SUI"]
[SourceTitle "EXT 2005"]
[Source "ChessBase"]
[SourceDate "2004.11.15"]
[SourceVersion "1"]
[SourceVersionDate "2004.11.15"]
[SourceQuality "1"]

1. d4 d6 2. c4 f5 3. g3 Nf6 4. Bg2 g6 5. Nc3 Bg7 6. Nf3 0-0 7. 0-0 Qe8 8. d5 Na6 9. Nd4 Bd7 10. Re1 Nc5 11. b4 Nce4 12. Nxe4 Nxe4 13. f3 Nf6 14. Bb2 Qf7 15. Qb3 e5 16. dxe6 Bxe6 17. Nxe6 Qxe6 18. e4 fxe4 19. fxe4 c6 20. e5 dxe5 21. Rxe5 Qf7 22. Bh3 Rae8 23. Rf1 Re7 24. Rxe7 Qxe7 25. c5+ Nd5 26. Rxf8+ Kxf8 27. Qf3+ Kg8 28. Bxg7 Kxg7 29. Kg2 a5 30. a3 axb4 31. axb4 Qe5 1/2-1/2

[Event "Bern op"]
[Site "Bern"]
[Date "2004.02.12"]
[Round "1"]
[White "Habibi, Ali"]
[Black "De Kalbermatten, Adrien"]
[Result "1-0"]
[WhiteElo "2270"]
[BlackElo "1842"]
[PlyCount "59"]
[EventDate "2004.02.??"]
[EventType "swiss"]
[EventRounds "7"]
[EventCountry "SUI"]
[SourceTitle "EXT 2005"]
[Source "ChessBase"]
[SourceDate "2004.11.15"]
[SourceVersion "1"]
[SourceVersionDate "2004.11.15"]
[SourceQuality "1"]

1. e4 d6 2. Bc4 Nf6 3. Nc3 g6 4. d4 Bg7 5. Bb3 0-0 6. f3 c6 7. a4 a5 8. Be3 Na6 9. Qd2 Nd7 10. Nge2 e5 11. Rd1 Qe7 12. 0-0 Kh8 13. dxe5 dxe5 14. Qd6 Re8 15. Qxe7 Rxe7 16. Rd2 Nc7 17. Rfd1 Ne8 18. g4 Nef6 19. Ng3 h6 20. Kg2 Nh7 21. h4 Nhf8 22. h5 Ne6 23. hxg6 Nd4 24. Bxf7 Nf8 25. Nf5 Bxf5 26. exf5 Nh7 27. Rh1 Rxf7 28. gxf7 Rf8 29. Ne4 Rxf7 30. Bxh6 1-0